[Event "Tournoi ouvert de Gatineau (Section -1800)"]
[Site "Gatineau"]
[Date "2014.03.??"]
[Round "4"]
[White "Leon, Carlos Antonio"]
[Black "Kearnan, Dan"]
[Result "0-1"]
[BlackElo "1715"]
[WhiteElo "1723"]

1.c4 g6 2.g3 Bg7 3.Bg2 c5 4.Nc3 Nc6 5.Nf3 d6 6.O-O e5 7.d3 Nge7 8.a3 Be6
9.Rb1 a5 10.Bd2 Qd7 11.Ng5 Bf5 12.e4 Bg4 13.f3 Be6 14.Nxe6 Qxe6 15.Nd5 Rc8
16.Qa4 O-O 17.Nb6 Rce8 18.Bxa5 Nxa5 19.Qxa5 Nc6 20.Qd2 f5 21.Nd5 Rf7 22.Bh3
Ref8 23.Rbe1 Qe8 24.exf5 gxf5 25.Qg5 Kh8 26.Kh1 Nd4 27.Qd2 Ne6 28.f4 Bh6
29.Qe2 Nd4 30.Qh5 Bg7 31.fxe5 Bxe5 32.Nf4 Re7 33.Qd1 Qf7 34.Nd5 Re6 35.Qd2
Qh5 36.Rxe5 Rxe5 37.Bg2 Re2 38.Qc3 Rfe8 39.Nf4 Qh6 40.Nxe2 Rxe2 41.Kg1 Qe3+
42.Kh1 Kg8 43.Bd5+ Kf8 44.Rxf5+ Nxf5 45.Qf6+ Ke8 46.Bf7+ Kd7 47.Qxf5+ Kc7
48.Bd5 Qc1+ 0-1

[Event "Tournoi ouvert de Gatineau (Section -1800)"]
[Site "Gatineau"]
[Date "2014.03.??"]
[Round "4"]
[White "Lemieux, Denis"]
[Black "Rapaka, Srikanth"]
[Result "0-1"]
[BlackElo "1577"]
[WhiteElo "1708"]

1.d4 d5 2.c4 e6 3.Nc3 Nf6 4.Nf3 Bb4 5.a3 Bxc3+ 6.bxc3 dxc4 7.Qa4+ Bd7 8.Qxc4
b5 9.Qb3 Nc6 10.e3 Na5 11.Qb4 c6 12.Bd3 Nd5 13.Qb2 Rb8 14.O-O Nb6 15.Nd2 O-O
16.Qc2 h6 17.c4 Naxc4 18.Nxc4 Nxc4 19.Bxc4 bxc4 20.Qxc4 Rb6 21.Bd2 Qc8
22.Rfb1 Re8 23.Rb4 Ra6 24.Qc5 Qc7 25.a4 Ra5 26.Qc3 Rh5 27.g3 Qd6 28.e4 e5
29.dxe5 Qxe5 30.Qxe5 Rhxe5 31.f3 Bc8 32.Bf4 Rc5 33.Rd1 Ba6 34.Rb8 Rxb8
35.Bxb8 Be2 36.Rd8+ Kh7 37.Bxa7 Ra5 38.Kf2 Rxa7 39.Kxe2 Rxa4 40.h4 Ra2+
41.Rd2 Rxd2+ 42.Kxd2 Kg6 43.Kd3 Kf6 44.Kd4 Ke6 45.Kc5 Kd7 46.g4 f6 47.h5 Kc7
48.f4 Kd7 49.f5 Kc7 50.Kc4 Kd6 51.Kd4 c5+ 52.Kc4 Ke5 53.Kxc5 Kxe4 54.Kd6 Kf4
55.Ke7 Kxg4 56.Kf7 Kxh5 57.Kxg7 Kg5 0-1

[Event "Tournoi ouvert de Gatineau (Section -1800)"]
[Site "Gatineau"]
[Date "2014.03.??"]
[Round "4"]
[White "Germain, Benoît"]
[Black "Legault, Stephane"]
[Result "1-0"]
[BlackElo "1708"]
[WhiteElo "1670"]

1.g4 c6 2.Bg2 d5 3.h3 e5 4.d3 Bd6 5.Nc3 Be6 6.Nf3 Ne7 7.Bg5 d4 8.Ne4 Bb4+
9.c3 dxc3 10.bxc3 Bd6 11.Qc2 h6 12.Bh4 Qc7 13.Nxd6+ Qxd6 14.Bg3 Ng6 15.Nxe5
Qe7 16.Nxg6 fxg6 17.Be4 Bf7 18.d4 Qe6 19.c4 O-O 20.d5 Qf6 21.O-O Nd7 22.dxc6
bxc6 23.Rad1 Ne5 24.c5 Rad8 25.Qc3 Nc4 26.Qxf6 gxf6 27.Bd6 Rfe8 28.Bxc6 Rxe2
29.a4 Rc8 30.Bb7 Rd8 31.Bf4 Rxd1 32.Rxd1 g5 33.Bg3 Na5 34.c6 Rc2 35.Rd8+ Kg7
36.c7 Rxc7 37.Bxc7 Nxb7 38.Ra8 Nc5 39.Rxa7 Ne6 40.a5 Nd4 41.Bb6 Nb5 42.Rxf7+
Kxf7 43.a6 Ke8 44.a7 Nxa7 45.Bxa7 Kf7 46.Bd4 Kg6 47.Kg2 f5 48.Kf3 fxg4+
49.hxg4 h5 50.gxh5+ Kxh5 51.Kg3 g4 52.Be3 Kg6 53.Kxg4 Kf6 54.f4 Kg6 55.f5+
Kf6 56.Bd4+ Kf7 57.Kg5 Kg8 58.Kf6 Kf8 59.Bc5+ Kg8 60.Ke7 Kg7 61.f6+ 1-0

[Event "Tournoi ouvert de Gatineau (Section -1800)"]
[Site "Gatineau"]
[Date "2014.03.??"]
[Round "4"]
[White "Langer, Herb"]
[Black "Seguin, Hubert"]
[Result "1-0"]
[BlackElo "1593"]
[WhiteElo "1694"]

1.d4 d5 2.c4 c6 3.cxd5 cxd5 4.Nf3 Nf6 5.Nc3 e6 6.Bg5 Be7 7.e3 Nc6 8.Bb5 Bd7
9.O-O O-O 10.Rc1 a6 11.Bd3 Rc8 12.a3 Na5 13.Ne5 Ne8 14.Bxe7 Qxe7 15.b4 Nc6
16.f4 Nd6 17.Qh5 g6 18.Qh6 Nxe5 19.fxe5 Nf5 20.Bxf5 gxf5 21.Rf3 f6 22.Ne2
Rxc1+ 23.Nxc1 fxe5 24.dxe5 Kh8 25.Nd3 Qg7 26.Qf4 Rc8 27.Rg3 Qf7 28.Qh6 Qf8
29.Qg5 Qf7 30.Nc5 b6 31.Nxd7 Rc3 32.Qd8+ 1-0

[Event "Tournoi ouvert de Gatineau (Section -1800)"]
[Site "Gatineau"]
[Date "2014.03.??"]
[Round "4"]
[White "Arsenault, Yves"]
[Black "Danis, Jacques"]
[Result "0-1"]
[BlackElo "1528"]
[WhiteElo "1616"]

1.e4 c5 2.Nf3 Nc6 3.d4 cxd4 4.Nxd4 g6 5.Be3 Bg7 6.Bc4 Nf6 7.Nc3 d6 8.h3 O-O
9.O-O Nxd4 10.Bxd4 Be6 11.Be2 d5 12.e5 Nd7 13.f4 f6 14.Bg4 Bxg4 15.Qxg4 f5
16.Qe2 e6 17.Nb5 a6 18.Nd6 Qc7 19.Rac1 b5 20.b3 Nb6 21.c4 dxc4 22.bxc4 b4
23.Bxb6 Qxb6+ 24.c5 Qc6 25.Qc4 h6 26.Qxe6+ Kh7 27.Rf3 Rae8 28.Qc4 a5 29.Nxe8
Rxe8 30.Rd1 Bf8 31.Rd5 Rc8 32.Rfd3 Bxc5+ 33.Kh2 Bg1+ 0-1

[Event "Tournoi ouvert de Gatineau (Section -1800)"]
[Site "Gatineau"]
[Date "2014.03.??"]
[Round "4"]
[White "Kulenovic, Sasha"]
[Black "Selmani, Sam"]
[Result "1/2-1/2"]
[BlackElo "1492"]
[WhiteElo "1516"]

1.e4 c5 2.Nf3 d6 3.Bb5+ Bd7 4.Bxd7+ Qxd7 5.O-O Nf6 6.Re1 Nc6 7.d4 cxd4 8.Nxd4
e6 9.Nc3 Be7 10.Bg5 O-O 11.f4 Rfe8 12.Nf3 a6 13.e5 dxe5 14.fxe5 Nd5 15.Bxe7
Ncxe7 16.Ne4 Qc7 17.Qe2 Red8 18.c4 Nf4 19.Qc2 Nd3 20.Neg5 Ng6 21.Re3 Qb6
22.c5 Qxc5 23.Qxc5 Nxc5 24.Re2 h6 25.Nh3 Rd5 26.Nf2 Nd7 27.Rae1 Rc8 28.h4
Rcc5 29.Ne4 Nf4 30.Nxc5 Nxe2+ 31.Rxe2 Rxc5 32.Kf2 Kf8 33.Ke1 Ke7 34.h5 f6
35.exf6+ gxf6 36.g4 Rc4 37.Rg2 e5 38.Nh4 Nc5 39.Nf5+ Ke6 40.Nxh6 Nd3+ 41.Kd1
Rd4 42.Rd2 Nxb2+ 43.Kc2 Rxd2+ 44.Kxd2 1/2-1/2

[Event "Tournoi ouvert de Gatineau (Section -1800)"]
[Site "Gatineau"]
[Date "2014.03.??"]
[Round "5"]
[White "Raymond, Daniel"]
[Black "Peters, Romy"]
[Result "1-0"]
[BlackElo "1492"]
[WhiteElo "1797"]

1.e4 e6 2.d4 d5 3.Nd2 dxe4 4.Nxe4 Nd7 5.Nf3 Ngf6 6.Nxf6+ Nxf6 7.Bg5 Be7 8.Bd3
c5 9.Bb5+ Bd7 10.Bxd7+ Qxd7 11.dxc5 Qb5 12.Bc1 Bxc5 13.Qe2 Qb6 14.O-O O-O
15.b3 h6 16.Bb2 Rfd8 17.Rad1 Rxd1 18.Rxd1 Rd8 19.Rxd8+ Qxd8 20.Ne5 Qd5 21.Nd3
Bb6 22.Bxf6 gxf6 23.Qg4+ Kh7 24.Qf4 Bd4 25.Nb4 Qc5 26.Qd2 Kg7 27.Nd3 Qf5
28.Qf4 Qxf4 29.Nxf4 f5 30.c4 Kf6 31.Ne2 Bb2 32.f4 Ke7 33.Kf2 Kd6 34.Ke3 Kc5
35.Kd3 Kb4 36.Nd4 $2 Kc5 ( 36...Bxd4 37.Kxd4 f6 $19 ) 37.Nc2 b5 38.b4+ Kd6
39.cxb5 f6 40.Ne3 Bc1 41.Nc4+ Kd5 42.b6 axb6 43.Nxb6+ Kc6 44.Nc4 Bxf4 45.g3
Bb8 46.a4 f4 47.gxf4 Bxf4 48.h3 f5 49.b5+ Kc5 50.b6 Kc6 51.a5 Bb8 52.a6 h5
53.a7 Bxa7 54.bxa7 Kb7 55.Kd4 Kxa7 56.Ke5 Kb7 57.Kxe6 Kc6 58.Ne5+ Kc5 59.Kxf5
Kd5 60.Ng6 Kd4 61.Kg5 Ke4 62.Kxh5 Kf5 63.h4 Kf6 64.Kh6 Kf7 65.h5 Kf6 66.Kh7
Kf7 67.h6 Kf6 68.Ne5 Kf5 69.Kg8 Kxe5 70.h7 1-0

[Event "Tournoi ouvert de Gatineau (Section -1800)"]
[Site "Gatineau"]
[Date "2014.03.??"]
[Round "5"]
[White "Rapaka, Srikanth"]
[Black "Lavergne, Daniel"]
[Result "0-1"]
[BlackElo "1771"]
[WhiteElo "1577"]

1.e4 e5 2.Nf3 Nc6 3.Bb5 a6 4.Ba4 Nge7 5.O-O g6 6.c3 Bg7 7.d3 b5 8.Bb3 h6
9.Be3 O-O 10.Qd2 Kh7 11.a4 Rb8 12.axb5 axb5 13.h3 d6 14.Nh2 f5 15.f4 fxe4
16.dxe4 exf4 17.Rxf4 Rxf4 18.Bxf4 b4 19.Bc4 bxc3 20.bxc3 Ne5 21.Bxe5 Bxe5
22.Ng4 Bxg4 23.hxg4 Qh8 24.Ra7 Rxb1+ 25.Kf2 0-1

[Event "Tournoi ouvert de Gatineau (Section -1800)"]
[Site "Gatineau"]
[Date "2014.03.??"]
[Round "5"]
[White "Kearnan, Dan"]
[Black "Danilov, Alex"]
[Result "0-1"]
[BlackElo "1744"]
[WhiteElo "1715"]

1.d4 Nf6 2.c4 e6 3.Nc3 Bb4 4.Qc2 O-O 5.a3 Bxc3+ 6.Qxc3 b5 7.Bg5 ( 7.cxb5 c6
8.Bg5 cxb5 9.e3 Bb7 10.Nf3 h6 11.Bxf6 Qxf6 12.Be2 Rc8 13.Qd3 a6 $11 )
7...bxc4 8.Qxc4 Ba6 $11 9.Qc2 h6 10.Bh4 Nc6 11.e3 ( 11.Nf3 g5 12.Bg3 g4
13.Ne5 Nxd4 14.Qa4 c5 $11 ) 11...Bxf1 12.Kxf1 $11 g5 ( 12...Rb8 ) 13.Bg3 Nh5
14.Nf3 Rc8 15.Rd1 Ne7 16.Ne5 f5 $11 ( 16...d6 $11 17.Nc4 ( 17.Nc6 Nxc6
18.Qxc6 f5 $11 ) 17...Qe8 $11 ) 17.Qe2 Nf6 18.f4 $6 ( 18.h4 $142 Kg7 19.hxg5
hxg5 20.Kg1 d6 21.Nd3 Rh8 22.Rxh8 Qxh8 $11 ) 18...d6 $11 ( 18...Ne4 $142 $15
) 19.fxg5 hxg5 20.h4 $2 ( 20.Nf3 $11 ) 20...Ne4 21.Bh2 g4 $17 ( 21...dxe5
$142 $19
{ I didn't play this because of some vague fears of opening lines for
Whit's rooks and bishop. } ) 22.Bf4 $2 ( 22.Nd3 $142 ) 22...Nd5 $2 ( 
22...dxe5 $142 $19 23.dxe5 Nd5 ) 23.Qe1 $2 ( 23.Nc6 $142 Qe8 24.Qa6 Kh7 $15 )
23...dxe5 ( 23...Nxf4 $144 24.Nc6 Qd7 25.exf4 Qxc6 ) 24.Bxe5 Qd7 ( 24...c5 )
25.Kg1 Qa4 26.h5 Qb3 ( 26...Nxe3 27.Qxe3 Qxd1+ 28.Kh2 g3+ 29.Kh3 ) 27.Bf4
Nxf4 28.exf4 Rcd8 29.h6 Kh7 30.Rc1 Rd7 31.Qa5 Qe3+ 32.Kh2 Qxf4+ ( 32...g3+
33.Kh3 Nf2+ 34.Kh4 Qxf4+ 35.Kh5 Qxh6# ) 33.Kg1 Qxc1+ ( 33...Qe3+ 34.Kh2 g3+
35.Kh3 Qxh6# ) 34.Kh2 Qf4+ 35.Kg1 Qe3+ 36.Kh2 g3+ { White resigns. } 0-1

[Event "Tournoi ouvert de Gatineau (Section -1800)"]
[Site "Gatineau"]
[Date "2014.03.??"]
[Round "5"]
[White "Leon, Carlos Antonio"]
[Black "Piche, Guy"]
[Result "1-0"]
[BlackElo "1707"]
[WhiteElo "1723"]

1.c4 Nf6 2.g3 e5 3.Bg2 Nc6 4.Nc3 Bc5 5.a3 a5 6.e3 d6 7.Nge2 Be6 8.d4 exd4
9.exd4 Ba7 10.d5 Ng4 11.O-O Qf6 12.Ne4 Qf5 13.Nf4 Nce5 14.dxe6 fxe6 15.Qa4+
Ke7 16.Ng5 Rhg8 17.Ngxe6 g5 18.Nxc7 gxf4 19.Nd5+ Kf7 20.Nxf4 Rgc8 21.Qb3 Bc5
22.Qxb7+ Ke8 23.Qe4 Qf7 24.Qd5 Qg7 25.Qe6+ Kd8 26.Qxd6+ Bxd6 27.Ne6+ Kd7
28.Nxg7 Rab8 29.Bh3 Rg8 30.Nf5 Bc5 31.Nh6 Rg6 32.Nxg4 Rxg4 33.Kg2 Kc6 34.Bxg4
Nxg4 35.h3 Ne5 36.Bf4 Bd4 37.Rab1 Rb3 38.Bxe5 Bxe5 39.f4 Bd6 40.Rf3 1-0

[Event "Tournoi ouvert de Gatineau (Section -1800)"]
[Site "Gatineau"]
[Date "2014.03.??"]
[Round "5"]
[White "Seguin, Hubert"]
[Black "Lemieux, Denis"]
[Result "1-0"]
[BlackElo "1708"]
[WhiteElo "1593"]

1.e4 c6 2.d4 d5 3.Nc3 dxe4 4.Nxe4 Bf5 5.Ng3 Bg6 6.Nf3 Nf6 7.Be2 Nbd7 8.h3 h6
9.c4 e6 10.O-O Be7 11.Be3 O-O 12.Qd2 Ne4 13.Nxe4 Bxe4 14.Nh2 Nf6 15.f4 Rc8
16.Rfd1 c5 17.dxc5 Qxd2 18.Rxd2 Bxc5 19.Bxc5 Rxc5 20.b4 Rc7 21.Ng4 Nxg4
22.hxg4 f5 23.Rad1 fxg4 24.Bxg4 Bf5 25.Be2 Re8 26.Rd7 Re7 27.Rxe7 Rxe7 28.Bf3
Kf7 29.Rd8 b6 30.Rb8 Rc7 31.Rb7 Rxb7 32.Bxb7 Ke7 33.c5 bxc5 34.bxc5 Kd7
35.Kf2 Kc7 36.Bf3 Bc2 37.Ke3 Ba4 38.Kd4 Bc6 39.Bxc6 Kxc6 40.Ke5 Kxc5 41.Kxe6
Kd4 42.Kf5 a5 43.Kg6 Ke4 44.g3 h5 45.Kxh5 Kf5 46.a4 Kf6 47.Kg4 Kg6 48.f5+ Kf6
49.Kf4 g6 50.fxg6 Kxg6 51.Kg4 Kg7 52.Kg5 Kg8 53.g4 Kg7 54.Kf5 Kf7 55.g5 Kf8
56.Kf6 Kg8 57.Kg6 Kh8 58.Kf7 Kh7 59.g6+ 1-0

[Event "Tournoi ouvert de Gatineau (Section -1800)"]
[Site "Gatineau"]
[Date "2014.03.??"]
[Round "5"]
[White "Selmani, Sam"]
[Black "Legault, Stephane"]
[Result "0-1"]
[BlackElo "1708"]
[WhiteElo "1492"]

1.d4 Nf6 2.c4 d5 3.cxd5 Nxd5 4.e4 Nb6 5.Nc3 g6 6.Nf3 Bg7 7.Be3 O-O 8.Be2 Nc6
9.h3 a6 10.O-O e6 11.a3 Ne7 12.Qb3 Bd7 13.Rfd1 Qc8 14.Rac1 Nc6 15.d5 exd5
16.exd5 Ne5 17.Ne4 Nxf3+ 18.Bxf3 Ba4 19.Qxb6 cxb6 20.Rxc8 Raxc8 21.Rd2 Rc1+
22.Kh2 Rb1 23.Bxb6 Rc8 24.Nc5 Bb5 25.d6 Be5+ 26.g3 Bxd6 27.Rxd6 Rxb2 28.Nxb7
Be2 29.Bd5 Rb5 30.a4 Rb4 31.a5 Rb5 32.Rd7 Rb1 33.Rxf7 Rd1 34.Rc7+ Rxd5
35.Rxc8+ Kg7 36.Rc7+ Kh6 37.Be3+ g5 38.h4 Bf3 39.hxg5+ Kh5 40.Rxh7+ Kg6
41.Rh6+ Kg7 42.Rxa6 Rd1 43.Rd6 0-1

[Event "Tournoi ouvert de Gatineau (Section -1800)"]
[Site "Gatineau"]
[Date "2014.03.??"]
[Round "5"]
[White "Langer, Herb"]
[Black "Germain, Benoît"]
[Result "0-1"]
[BlackElo "1670"]
[WhiteElo "1694"]

1.d4 Nf6 2.c4 e5 3.d5 Bc5 4.e3 d6 5.Nc3 O-O 6.Bd3 Ng4 7.Nf3 f5 8.Bc2 f4 9.Qe2
fxe3 10.Bxe3 Nxe3 11.fxe3 Nd7 12.O-O-O Nf6 13.Ne4 Nxe4 14.Bxe4 Bf5 15.Bxf5
Rxf5 16.g4 Rf8 17.h4 c6 18.Ng5 Qb6 19.Rd3 Qa6 20.b3 b5 21.Rc3 bxc4 22.dxc6 h6
23.Ne6 Ba3+ 24.Kc2 cxb3+ 25.axb3 Qxe2+ 0-1

[Event "Tournoi ouvert de Gatineau (Section -1800)"]
[Site "Gatineau"]
[Date "2014.03.??"]
[Round "5"]
[White "Danis, Jacques"]
[Black "Bilodeau, Victor"]
[Result "1-0"]
[BlackElo "1647"]
[WhiteElo "1528"]

1.d4 d5 2.Bg5 h6 3.Bh4 c5 4.dxc5 Qa5+ 5.Nc3 e6 6.e4 d4 7.Qxd4 Bxc5 8.Qa4+
Qxa4 9.Nxa4 Bd4 10.O-O-O Nc6 11.Bb5 Bf6 12.Bxc6+ bxc6 13.Bxf6 Nxf6 14.f3 Ke7
15.Nc5 Nd7 16.Nxd7 Bxd7 17.Ne2 e5 18.Rd2 Be6 19.Rhd1 Rhd8 20.b3 Rxd2 21.Rxd2
a5 22.Kb2 a4 23.c4 axb3 24.axb3 Rb8 25.Kc3 c5 26.Ra2 Kd6 27.Kc2 Kc6 28.Nc3
Rc8 29.Nd5 Kd6 30.Kc3 h5 31.Ra6+ Rc6 32.Rxc6+ Kxc6 33.h4 f6 34.Kd3 Kd6 35.Ke3
Bd7 36.g3 Be6 37.Nc3 f5 38.exf5 Bxf5 39.Ne4+ Kc6 40.Kd3 Bh3 41.Kc3 Bg2 42.Ng5
Bf1 43.Nf7 e4 44.fxe4 Bg2 45.Ng5 Kd6 46.b4 cxb4+ 47.Kxb4 Bf1 48.c5+ Kc6
49.Ne6 g6 50.Kc3 Bg2 51.Kd4 Bh3 52.Nf4 1-0

[Event "Tournoi ouvert de Gatineau (Section -1800)"]
[Site "Gatineau"]
[Date "2014.03.??"]
[Round "5"]
[White "Arsenault, Yves"]
[Black "Kulenovic, Sasha"]
[Result "1/2-1/2"]
[BlackElo "1516"]
[WhiteElo "1616"]

1.e4 c6 2.d4 d5 3.Nc3 dxe4 4.Nxe4 Bf5 5.Ng3 Bg6 6.Nf3 Nd7 7.Bd3 Bxd3 8.Qxd3
e6 9.O-O Ngf6 10.Re1 Be7 11.Bg5 O-O 12.Rad1 h6 13.Bxf6 Nxf6 14.c4 Qa5 15.a3
Rfd8 16.Ne4 Rd7 17.b4 Qc7 18.h3 Rad8 19.Qe3 Nxe4 20.Qxe4 Bf6 21.Rd3 b6
22.Red1 g6 23.Nh2 c5 24.bxc5 bxc5 25.d5 exd5 26.Rxd5 Rxd5 27.Rxd5 Rxd5
28.Qxd5 Qa5 29.Ng4 Bg7 30.Qf3 h5 31.Nh2 Bb2 32.Qa8+ Kg7 33.Nf3 Qxa3 34.Qd5
Bf6 35.Kh2 Qb4 36.g4 hxg4 37.hxg4 a5 38.g5 Bc3 39.Ne5 Bxe5+ 40.Qxe5+ Kg8
41.Qe8+ Kg7 42.Qe5+ 1/2-1/2